000 00194 a2200097 4500
001 5881
100 _aWalker,HM
245 _aStatistical Inference
260 _a
_bHolt
_c
090 _c4801
_d4801
942 _aNUST-CAE
_cM
_c31158
999 _c240954
_d240954